<The> Fairness of the Current System of Building Lands Taxation in the Context of Market Prices - Case of Slovakia

Stavebné pozemky na Slovensku a ich trhové ceny v kontexte systému zdaňovania nehnuteľností.

Gespeichert in:
Bibliographische Detailangaben
1. Verfasser: Dluhoš, Martin, 1991-
Weitere Verfasser: Kočkovičová, Jana, 1989-
Format: Buchkapitel
Sprache:Englisch
Schlagworte:
Tags: Tag hinzufügen
Keine Tags, Fügen Sie das erste Tag hinzu!

MARC

LEADER 00000naa a2200000 4500
001 0246430
005 20240502073945.0
041 0 |a eng 
044 |a SK 
245 1 0 |a <The> Fairness of the Current System of Building Lands Taxation in the Context of Market Prices - Case of Slovakia  |c Martin Dluhoš, Jana Kočkovičová 
520 |a Stavebné pozemky na Slovensku a ich trhové ceny v kontexte systému zdaňovania nehnuteľností. 
610 2 0 |a Slovensko 
610 2 0 |a pozemky 
610 2 0 |a ceny trhové 
610 2 0 |a zdaňovanie 
610 2 0 |a trh 
610 2 0 |a nehnuteľnosti 
100 1 |a Dluhoš, Martin, 1991- 
700 1 |a Kočkovičová, Jana, 1989-